| 000 | 01038nam a22003617a 4500 | ||
|---|---|---|---|
| 001 | BR0503133 | ||
| 003 | BR-BrBNA | ||
| 005 | 20230928101919.0 | ||
| 007 | ta | ||
| 008 | 230509b bl.||||| |||| 00| 0 por d | ||
| 040 |
_aBR-BrBNA _bpor _cBiblioteca Nacional de Agricultura |
||
| 041 | _a(Por) | ||
| 072 |
_aF30 _b0230 |
||
| 090 | _ 0230 BR0503133 | ||
| 100 | 1 | _aCesnik, R. | |
| 100 | 1 | _aMiocque, J. | |
| 110 | 1 |
_aEMBRAPA Meio Norte, Jaguariúna, SP (Brasil) _93667 |
|
| 245 | 1 | _aMelhoramento da cana-de-açúcar | |
| 260 | 3 |
_aBrasília, DF (Brasil): _bEMBRAPA Informação Tecnológica, _c2004. |
|
| 300 | _a307 p. | ||
| 500 | _aBibliography p. 265-275; 22 tables; 48 illus. | ||
| 650 | _aCANA DE AÇÚCAR | ||
| 650 | _aVARIEDADE | ||
| 650 | _aMELHORAMENTO GENÉTICO VEGETAL | ||
| 650 | _aCITOGENÉTICA | ||
| 650 | _aFISIOLOGIA VEGETAL | ||
| 650 | _aBOTÂNICA | ||
| 650 | _aSEMENTE | ||
| 650 | _aMÉTODO DE MELHORAMENTO | ||
| 650 | _aMODELO MATEMÁTICO | ||
| 909 |
_a202309 _bLucia _c55 _dLucia Elande |
||
| 942 | _cBK | ||
| 999 |
_c68194 _d68194 |
||